| Tag |
First Indicator |
Second Indicator |
Subfields |
| LEADER |
00000cam a2200000Ii 4500 |
| 001 |
in00004037721 |
| 005 |
20211208154604.0 |
| 008 |
171129t20182018it 000 f ita d |
| 035 |
|
|
|a (OCoLC)on1030976518
|
| 040 |
|
|
|a C3L
|e rda
|c C3L
|d EMU
|d ZCU
|d STF
|d TXA
|
| 020 |
|
|
|a 9788807032783
|
| 020 |
|
|
|a 8807032783
|
| 082 |
0 |
|
|a 853.92
|2 23
|
| 090 |
|
|
|a PQ4913.A76258
|b R34 2018
|
| 049 |
|
|
|a TXAM
|
| 100 |
1 |
|
|a Marone, Lorenzo,
|d 1974-
|e author.
|
| 245 |
1 |
3 |
|a Un ragazzo normale /
|c Lorenzo Marone.
|
| 264 |
|
1 |
|a Milano, Italy :
|b Feltrinelli,
|c [2018].
|
| 264 |
|
4 |
|c ©2018.
|
| 300 |
|
|
|a 283 pages ;
|c 22 cm.
|
| 336 |
|
|
|a text
|b txt
|2 rdacontent
|
| 337 |
|
|
|a unmediated
|b n
|2 rdamedia
|
| 338 |
|
|
|a volume
|b nc
|2 rdacarrier
|
| 490 |
1 |
|
|a Narratori Feltrinelli
|
| 546 |
|
|
|a In Italian.
|
| 520 |
|
|
|a Novel inspired by the life of Giancarlo Siani (1959-1985), an Italian crime reporter from Naples, who was killed by the Camorra, the Neapolitan crime organization.
|
| 650 |
|
0 |
|a Crime and the press
|z Italy
|z Naples
|v Fiction.
|
| 650 |
|
0 |
|a Journalists
|z Italy
|z Naples
|v Fiction.
|
| 650 |
|
0 |
|a Journalists
|z Italy
|z Naples
|x Death
|v Fiction.
|
| 650 |
|
0 |
|a Assassination
|z Italy
|z Naples
|v Fiction.
|
| 650 |
|
0 |
|a Mafia
|z Italy
|z Naples
|v Fiction.
|
| 650 |
|
0 |
|a Organized crime
|z Italy
|z Naples
|v Fiction.
|
| 650 |
|
0 |
|a Political corruption
|z Italy
|z Naples
|v Fiction.
|
| 650 |
|
0 |
|a Construction contracts
|x Corrupt practices
|z Italy
|z Naples
|v Fiction.
|
| 830 |
|
0 |
|a Narratori (Feltrinelli editore)
|
| 948 |
|
|
|a cataloged
|b h
|c 2021/12/08
|d c
|e dmitchel
|f 3:44:28 PM
|
| 994 |
|
|
|a C0
|b TXA
|
| 999 |
f |
f |
|s c850c0c8-1d92-30b2-b5d6-3c88f3c87cf5
|i b604fdb8-a3d4-3f57-a59e-8e46a2cc69c4
|t 0
|
| 952 |
f |
f |
|p normal
|a Texas A&M University
|b College Station
|c Sterling C. Evans Library
|d Evans: Library Stacks
|t 0
|e PQ4913.A76258 R34 2018
|h Library of Congress classification
|i unmediated -- volume
|m A14850467631
|
| 998 |
f |
f |
|a PQ4913.A76258 R34 2018
|t 0
|l Evans: Library Stacks
|